000 00638nam a22001817a 4500
999 _c165069
_d165069
005 20190606105716.0
010 _aENG-125482
020 _a9789386348715
_c450.00
035 _aEN-109014
037 _bDBAD/PUB
082 _a230.45
100 _aOm Swami
245 _aThe ancient Science of Mantras:
_cby Om Swami
_bwisdom of the sages realize ypur dreams achieve your goals/
260 _aMumbai,
_bJaico Publishing House
_c2018
270 _aA-2 Jash Chambers, 7-A Sir PhirozshahMehta Raod Fort,
_bMumbai
_e400001
_mjaicopub@jaicobooks.com
300 _axvi,472p.
_c22cm(pbk)
_bill.
942 _2ddc
_cEN
_h230.45
_mSWA